| 000 | 01043cam a22003137a 4500 | ||
|---|---|---|---|
| 003 | CHAP | ||
| 005 | 20220329141954.0 | ||
| 008 | 981028d1985 mx r 00110 spa d | ||
| 010 | _a76488 | ||
| 011 | _a77460 | ||
| 020 | _a9687144351 | ||
| 035 | _a87067 | ||
| 040 | _cCHAP | ||
| 082 | 0 | 4 |
_a332.64 _bM3 1997 |
| 100 | 0 | 0 |
_aMarmolejo González, Martín. _971468 |
| 245 | 1 | 0 |
_aInversiones : _bpráctica, metodología, estrategia y filosofía _c/por Martín Marmolejo G. |
| 250 | _a9 ed. | ||
| 260 |
_aMéxico, D.F. : _bInstituto Mexicano de Ejecutivos de Finanzas, A.C., _c1997. |
||
| 300 |
_a494 p. : _bilus. ; gráfs. ; cuadros |
||
| 590 |
_aBATCH-UPD _b10 _c20130110 _lUCH01 _h0750 |
||
| 590 |
_aBATCH-UPD _b10 _c20130410 _lUCH01 _h0430 |
||
| 590 |
_aBATCH-UPD _b10 _c20130914 _lUCH01 _h1652 |
||
| 590 |
_aCONVERSION _b10 _c20130109 _lUCH01 _h1342 |
||
| 650 | 1 | 4 |
_aInversiones. _960178 |
| 901 | _aBK | ||
| 905 | _aGuadalupe Pinto C. | ||
| 942 | _cLIBRO | ||
| 949 |
_a332.64 M3 1997 _bBC _cLIBRO _d33724000708509 _eLIBRO _gI.193984 _h93293 _i87067 _si |
||
| 999 |
_c76488 _d76488 |
||